Formule 1 - Vainqueurs du GP de Spielberg, Autriche - Statistiques

Statistiques générales
  • Ce quiz a été pris 65 fois
    40 depuis la dernière actualisation
  • Le résultat moyen est 27 sur 38
Statistiques - réponses
Années Pilotes % Correct
1983 Alain Prost
100%
1985 Alain Prost
100%
1986 Alain Prost
100%
2016 Lewis Hamilton
100%
2018 Max Verstappen
100%
2019 Max Verstappen
100%
2021 Max Verstappen
100%
2023 Max Verstappen
100%
2002 Michael Schumacher
100%
2003 Michael Schumacher
100%
2025 Lando Norris
97%
1998 Mika Häkkinen
93%
2000 Mika Häkkinen
93%
2014 Nico Rosberg
93%
2015 Nico Rosberg
93%
2022 Charles Leclerc
90%
1984 Niki Lauda
90%
2020 Valtteri Bottas
87%
2024 George Russell
87%
1997 Jacques Villeneuve
87%
2017 Valtteri Bottas
87%
1972 Emerson Fittipaldi
73%
2001 David Coulthard
70%
1987 Nigel Mansell
70%
1977 Alan Jones
63%
1979 Alan Jones
63%
1999 Eddie Irvine
57%
1974 Carlos Reutemann
43%
1981 Jacques Laffite
40%
1973 Ronnie Peterson
40%
1978 Ronnie Peterson
40%
1970 Jacky Ickx
33%
1980 Jean-Pierre Jabouille
27%
1982 Elio De Angelis
17%
1976 John Watson
17%
1964 Lorenzo Bandini
10%
1971 Joseph Siffert
7%
1975 Vittorio Brambilla
7%
Aucun quiz correspondant
Distribution des résultats
% des personnes avec chaque résultat
Percentile par nombre de réponses
Votre historique - résultats
Vous n’avez pas pris ce quiz depuis la dernière actualisation